| 000 | 00765nam a2200205 a 4500 | ||
|---|---|---|---|
| 001 | 000036512 | ||
| 005 | 20200930075755.0 | ||
| 008 | 120119s1947 mx 000 0 spa d | ||
| 040 |
_aDO-SdBNP _bspa _cBNPHU |
||
| 082 |
_axxx _bZ94G |
||
| 100 | 1 |
_aGarcía Icazbalceta, Joaquín, _d1825-1894. _962756 |
|
| 245 | 1 | 0 |
_aDon Fray Juan de Zumárraga, primer obispo y arzobispo de México / _cJoaquín García Icazbalceta; edición de Rafael Aguayo Spencer y Antonio Castro Leal. |
| 260 |
_aMéxico : _bPorrúa, _c1947. |
||
| 300 |
_av. ; _c20 cm. |
||
| 490 | 1 |
_aEscritores mexicanos _v44 |
|
| 500 | _aLa biblioteca posee el v. 4 | ||
| 700 | 1 |
_aAguayo Spencer, Rafael _eed. _962757 |
|
| 700 | 1 |
_aCastro Leal, Antonio _eed. _99717 |
|
| 830 | 0 |
_aEscritores mexicanos; _v44 _962758 |
|
| 999 |
_c36003 _d36003 |
||